000 00966cam a22002651 4500
999 _c45193
_d45193
001 1222389
003 ARRUPE
005 20170529094212.0
008 730208s1961 nyua b 000 0 eng
010 _a 61008264
040 _aDLC
_cDLC
_dDLC
_dOCoLC
_dDLC
041 1 _aengfre
050 0 0 _aDT168
_b.C4853
082 0 0 _a913.3973
100 2 _aCharles-Picard, Gilbert.
_931183
240 1 0 _aVie quotidienne à Carthage au temps d'Hannibal.
_lEnglish
245 1 0 _aDaily life in Carthage at the time of Hannibal
_c[by] Gilbert and Colette Charles-Picard. Translated from the French by A. E. Foster.
260 _aNew York,
_bMacmillan,
_c1961.
300 _a263 p.
_billus.
_c22 cm.
490 0 _aDaily life series
504 _aIncludes bibliography.
651 0 _aCarthage (Extinct city)
_xSocial life and customs.
_931184
700 2 _aCharles-Picard, Colette,
_ejoint author.
_931185
906 _a7
_bcbc
_corignew
_du
_eocip
_f19
_gy-gencatlg
942 _2lcc
_cMONOGRAPH